书目信息 |
| 题名: |
加氢裂化装置操作指南
|
|
| 作者: | 李立权 编著 | |
| 分册: | ||
| 出版信息: | 北京 中国石化出版社 2005.06 |
|
| 页数: | 357页 | |
| 开本: | 26cm | |
| 丛书名: | 炼油装置操作指南丛书 | |
| 单 册: | ||
| 中图分类: | TE624.4 | |
| 科图分类: | ||
| 主题词: | 石油炼制--shi you lian zhi--加氢裂化--指南 | |
| 电子资源: | ||
| ISBN: | 7-80164-760-2 | |
| 000 | 00968nam 2200253 450 | |
| 001 | 012006819390 | |
| 005 | 20060421110453.75 | |
| 010 | @a7-80164-760-2@dCNY56.00 | |
| 100 | @a20060421d2005 km y0chiy0120 ea | |
| 101 | 0 | @achi |
| 102 | @aCN@b110000 | |
| 105 | @aa a 000yy | |
| 200 | 1 | @a加氢裂化装置操作指南@Ajia qing lie hua zhuang zhi cao zuo zhi nan@f李立权编著@Fli li quan bian zhu |
| 210 | @a北京@c中国石化出版社@d2005.06 | |
| 215 | @a357页@c图@d26cm | |
| 225 | 2 | @a炼油装置操作指南丛书@Alian you zhuang zhi cao zuo zhi nan cong shu |
| 320 | @a有书目 | |
| 330 | @a本书介绍了加氢裂化的基本知识,详述了加氢裂化工作过程,对加氢裂化所涉及的问题进行了详细分析。全书涵盖了加氢裂化的发展状况、原料和产品、催化剂和化学反应等内容。 | |
| 410 | 0 | @12001 @a炼油装置操作指南丛书 |
| 606 | 0 | @a石油炼制@Ashi you lian zhi@x加氢裂化@x指南 |
| 690 | @aTE624.4@v4 | |
| 701 | 0 | @a李立权@Ali li quan@4编著 |
| 801 | 0 | @aCN@bQSSK@c20060421 |
| 905 | @a10447@dTE624.4@eL205 | |
| 加氢裂化装置操作指南/李立权编著.-北京:中国石化出版社,2005.06 |
| 357页:图;26cm.-(炼油装置操作指南丛书) |
| ISBN 7-80164-760-2:CNY56.00 |
| 本书介绍了加氢裂化的基本知识,详述了加氢裂化工作过程,对加氢裂化所涉及的问题进行了详细分析。全书涵盖了加氢裂化的发展状况、原料和产品、催化剂和化学反应等内容。 |
| ● |
| 相关链接 |
|
|
|
正题名:加氢裂化装置操作指南
索取号:TE624.4/L205
 
预约/预借
| 序号 | 登录号 | 条形码 | 馆藏地/架位号 | 状态 | 备注 |
| 1 | 558896 | 205588960 | 自科库501/501自科库 22排3列2层/ [索取号:TE624.4/L205] | 在馆 | |
| 2 | 558897 | 205588979 | 自科库501/501自科库 22排3列2层/ [索取号:TE624.4/L205] | 在馆 | |
| 3 | 558898 | 205588988 | 自科库501/501自科库 22排3列2层/ [索取号:TE624.4/L205] | 在馆 |